Automobile profiles manufacturing (Record no. 74821)

MARC details
000 -LEADER
fixed length control field 00379nam a22001337a 4500
082 ## - DEWEY DECIMAL CLASSIFICATION NUMBER
Classification number RIB.17 629.331
Item number MAJ
100 ## - MAIN ENTRY--AUTHOR NAME
Personal name MAJUMDAR (Samir)
245 ## - TITLE STATEMENT
Title Automobile profiles manufacturing
246 ## - VARYING FORM OF TITLE
Title proper/short title Rubber industry books box. Pocket book. 17
260 ## - PUBLICATION, DISTRIBUTION, ETC. (IMPRINT)
Place of publication Thailand
Name of publisher Technobiz Communications
Year of publication 2018
300 ## - PHYSICAL DESCRIPTION
Number of Pages 44p.
650 ## - SUBJECT ADDED ENTRY--TOPICAL TERM
Topical Term Automobile profile manufacturing
942 ## - ADDED ENTRY ELEMENTS (KOHA)
Koha item type Books
Holdings
Withdrawn status Lost status Damaged status Not for loan Home library Current library Date acquired Source of acquisition Full call number Accession Number Koha item type
        RRII Library RRII Library 12/07/2022 Marithi Subscription Services, Hyderabad RIB.17 629.331 MAJ 23572 Books